[Event "URS-ch49 Semifinal"]
[Site "Saratov"]
[Date "1981.07.??"]
[Round "?"]
[White "Yudasin, Leonid"]
[Black "Gurgenidze, Bukhuti"]
[Result "1-0"]
[WhiteElo "2365"]
[BlackElo "2490"]
[Annotator "Yudasin,L"]
[PlyCount "77"]
[EventDate "1981.07.01"]
[EventType "tourn"]
[EventRounds "15"]
[EventCountry "URS"]
[SourceTitle "EXT 2009"]
[Source "ChessBase"]
[SourceDate "2008.11.26"]
[SourceVersion "1"]
[SourceVersionDate "2008.11.26"]
[SourceQuality "1"]

1. Nf3 c5 2. c4 Nc6 3. g3 g6 4. Bg2 Bg7 5. O-O Nh6 {[%csl Rd4]} 6. Nc3 Nf5 7.
b3 O-O 8. Bb2 Rb8 9. e3 d6 10. Qc2 e5 11. Rad1 Nfe7 12. d4 $1 exd4 13. exd4
cxd4 14. Nb5 d3 $1 15. Qb1 Bxb2 $1 16. Qxb2 a6 $1 17. Nc3 Bf5 18. Nh4 Ne5 19.
Nxf5 Nxf5 20. Nd5 Re8 $1 21. f4 Nd7 22. Rxd3 b5 23. cxb5 Rxb5 24. a4 Rb8 25.
Bh3 Re6 26. Bxf5 gxf5 27. Qd4 Nc5 28. Rc3 Rxb3 29. Rxb3 Nxb3 30. Qd3 Qb8 31.
Rb1 Qa7+ 32. Kg2 Nc5 33. Qxf5 Ne4 34. Rb6 $1 Qa8 $2 35. Nc7 Nxg3+ (35... Qa7 $2
36. Nxe6 Qxb6 37. Qg4+) 36. Kxg3 Re3+ 37. Kh4 Qd8+ 38. Qg5+ Qxg5+ 39. Kxg5 {
(Time)} 1-0

[Event "Norway Chess 5th"]
[Site "Stavanger"]
[Date "2017.06.12"]
[Round "6"]
[White "Giri, Anish"]
[Black "So, Wesley"]
[Result "1/2-1/2"]
[WhiteElo "2771"]
[BlackElo "2812"]
[Annotator "Yuffa,D"]
[PlyCount "118"]
[EventDate "2017.06.06"]
[EventType "tourn"]
[EventRounds "9"]
[EventCountry "NOR"]
[EventCategory "22"]
[SourceTitle "CBM 179"]
[Source "ChessBase"]
[SourceDate "2017.07.12"]
[SourceVersion "1"]
[SourceVersionDate "2017.07.12"]
[SourceQuality "1"]

{Anish has liked the English of late: his brilliant game against Anand in the
same tournament has shown it.} 1. c4 c5 2. Nc3 g6 3. g3 Nc6 4. Bg2 Bg7 5. Nf3
e6 {The most popular according to the database.} 6. h4 ({Spicy.} 6. O-O {
is more calm} Nge7 {White can play a cat and mouse game in centre:} 7. d3 ({
An interesting interpretation by Daniil Dubov:} 7. a3 d5 8. b4 $5 cxb4 $6 (8...
dxc4 $1 9. bxc5 e5 {remains complicated}) 9. axb4 dxc4 10. b5 Nd4 11. Nxd4 Bxd4
12. Qa4 $16 {Dubov-Sychev, 1-0, 2016}) (7. d4 cxd4 8. Nb5 O-O 9. Nbxd4 d5 $11 {
and it's getting a bit boring}) (7. e3 O-O 8. d4 cxd4 9. Nxd4 d5 {similar to
the option above}) 7... O-O 8. Bd2 d5 9. a3 b6 10. Rb1 Bb7 11. b4 cxb4 12. axb4
dxc4 13. dxc4 Rc8 14. c5 bxc5 15. bxc5 Na5 $11 {Petrosian-Fischer, 0-1, 1970})
6... Nf6 (6... h6 {is the most popular continuation.} 7. d3 Nge7 8. Bd2 (8. h5
$6 g5 9. Nxg5 $2 hxg5 10. Bxg5 f6 11. Be3 d6 12. h6 Bf8 13. g4 Ne5 $19 {
Romanishin-Ribli, 0-1, 1978})) (6... d5 $5 {is the most logical and concrete:}
7. h5 Nge7 $1 8. d3 (8. h6 Bf6 {and due to the pawn centre Black has an
exellent position.}) 8... h6 $5 {a non-typical but extremely strong decision
concerning the pawn structure} 9. hxg6 fxg6 10. cxd5 exd5 11. Qb3 (11. e4 d4
12. Ne2 g5 $15 {White's steeds have remained in their stalls}) 11... b6 $5 (
11... Bg4 $5 {is a tempation:} 12. Qxb7 Rb8 13. Qa6 Qd7 14. O-O O-O 15. Nh2 Be6
$44 {with good compensation for a pawn}) 12. d4 $5 Bg4 $5 {White is under
pressure.}) 7. d4 (7. d3 {does not look so timid:} d5 8. Bg5 h6 9. Bxf6 Bxf6
10. Nd2 O-O ({after} 10... d4 {White has a very promising King's Indian
structure:} 11. Bxc6+ bxc6 12. Nce4 Be7 13. f4 {and despite the couple of
bishops I'd play White.})) 7... cxd4 (7... O-O {does not equalise because of}
8. dxc5 Qa5 9. Bf4 Rd8 (9... Qxc5 10. Bd6 Qxc4 11. Bxf8 Bxf8 12. O-O d5 13. a3
$14 {it's just a exchange for a pawn, nothing special}) 10. O-O Qxc5 11. Bc7
Re8 12. Nb5 {and White's boa is constricting.}) 8. Nxd4 O-O $146 (8... d5 {
has been played once, but, unsuccessfully.} 9. O-O O-O 10. Nxc6 (10. cxd5 exd5
11. Be3 Re8 {the h4-pawn is an evident defect in White's position} 12. Nb3 $6
Rxe3 $5 $36 {a typical sacrifice}) 10... bxc6 11. Qa4 Qb6 $15 {Le Roux-Vallin,
1-0, 2001. Black was better.}) 9. O-O d5 10. cxd5 Nxd5 $6 ({I'd prefer} 10...
exd5 {leading to variations above. Now the h4-pawn suddenly becomes useful
after...}) 11. Nxc6 $6 ({...} 11. Bg5 $1 f6 (11... Qa5 12. Nb3 {taking on d5
and playing with no risk}) 12. Bc1 Nxd4 13. Nxd5 Nc6 14. Nc3 $14 {A nice
pendulum entices Black to push the f-pawn and leave his bishop stuck for a
moment.}) 11... bxc6 12. Bd2 Nxc3 13. Bxc3 Bxc3 14. bxc3 Ba6 15. Qc2 Qa5 {
Amazingly even such a solid player as Wesley Sohas given White a chance in
this dry position.} 16. Rfd1 Qc5 {An inaccuracy.} (16... Rad8 17. Bxc6 Rc8 {
leads to a dead draw.}) 17. Rd7 Rad8 18. Rad1 Rxd7 19. Rxd7 Bc4 20. Qd2 (20. a4
Bd5 21. Qd2 a5 {Obviously White is pressing but I don't see anything forced.})
20... a5 21. Bf3 Qa3 22. h5 Qxa2 23. Qd4 c5 $6 {A mistake.} ({Despite the
visual risk it was neccessary to bare the king by} 23... gxh5 $1 24. Qh4 Qb1+
$1 ({of course not} 24... Qa1+ $4 25. Kg2 Qxc3 26. Rd4 $1 Bd5 27. Qg5+ Kh8 28.
Qf6+ Kg8 29. Bxd5 cxd5 30. Rg4+ $18) 25. Kg2 Qb5 26. Bxh5 Qe5 $11 ({or} 26...
Bxe2)) 24. Qe3 a4 (24... Qa4 25. Rc7 Qd1+ 26. Kg2 $16 {leaves Black's problems
unsolved.}) 25. Kg2 Qb1 26. h6 Qf5 27. g4 Qf6 28. Qxc5 Bd5 29. e4 Ba8 30. Ra7
e5 31. Rxa4 Qf4 32. Qe3 Qxe3 33. fxe3 Rc8 ({The brave attempt to play} 33... g5
{would suffer a relapse:} 34. Be2 Bc6 35. Ra5 Re8 36. Kf3 Bd7 37. Bc4 Kf8 38.
Bd5 Ke7 39. c4 Be6 40. c5 Rc8 41. Bxe6 Kxe6 42. Ke2 Rd8 43. Ra6+ Ke7 44. Rc6
$22 Ke8 45. Rc7 Kf8 46. Rb7 Ke8 47. Rb2 Rc8 48. Rb5 Rd8 49. c6 $18) 34. Ra5 Kf8
35. Kg3 Bc6 36. c4 $6 ({Anish played an exellent game previously.} 36. Rxe5 $1
{leads to a technical position after} Bd7 37. Ra5 Rxc3 38. Ra8+ Rc8 39. Ra7 Be6
40. Kf4 Rc5 41. e5 Bc8 42. Bd1 Be6 43. Ba4 Rc8 44. Kg5 $18 {combining the
threats.}) 36... Bd7 37. Be2 ({A smart move.} 37. Rxe5 Rxc4 38. g5 Bc6 39. Kf4
Rc1 40. Ra5 Rf1 41. Rc5 Bd7 42. Rc7 Bb5 43. Kg3 Rg1+ {Black's rook is too
active on the 1st rank unlike the variant above}) 37... Be6 38. Rxe5 Bxc4 39.
Bxc4 $6 {Now it's a draw.} ({The last chance was} 39. Bf3 $5 f6 (39... Re8 40.
Rc5 Be6 41. g5 Ke7 42. Rc7+ Kd6 43. Ra7 Rc8 44. Kf4 $18 {with the idea of e5
and Re7}) 40. Ra5 Re8 41. Kf4 Bd3 42. g5 $1 {seems to be winning} (42. Ra7 Re7
$1 {no fear!} 43. Rxe7 (43. Ra8+ Re8 44. Ra3 Bb5 {it's not an immediate draw,
but it's not lost}) 43... Kxe7 44. Bd1 g5+ 45. Kf5 Bc4 46. e5 Be6+ 47. Ke4 Kf7
48. Kd4 Bc8 49. Bb3+ Ke7 50. Bc2 Bxg4 51. Bxh7 fxe5+ 52. Kxe5 Kf7 {looks
fantastic, but it's a draw} 53. Bf5 Bd1 54. Kd6 (54. e4 Bc2 55. Kd4 Bxe4) 54...
g4 $11) 42... fxg5+ 43. Rxg5 {and, step by step, combining the threats White
will push the pawns and transfer the bishop to d5 which should decide the game.
}) 39... Rxc4 40. Kf4 Rc6 41. g5 Rc1 42. Ra5 Ke7 43. Ke5 (43. Ra8 Rf1+ 44. Ke5
Rg1 45. Ra7+ Kf8 46. Rb7 Rg2 47. Kd5 Rd2+ $11) 43... Rc7 44. Rb5 Ra7 45. Rc5
Rb7 46. Ra5 Rc7 47. Ra8 Rc5+ 48. Kf4 Rc1 49. Ra7+ Ke6 50. Ra6+ Ke7 51. e5 Rf1+
52. Ke4 Rg1 53. Ra8 Rxg5 54. Ra7+ Ke6 55. Ra6+ Ke7 56. Kd5 Rh5 57. Ra7+ Kf8 58.
Ra8+ Ke7 59. Ra7+ Kf8 {A very complicated game that all the way through has
demonstrated the importance of every move.} 1/2-1/2

[Event "SWE-ch"]
[Site "Linkoping"]
[Date "2001.07.04"]
[Round "4"]
[White "Hillarp Persson, Tiger"]
[Black "Akesson, Ralf"]
[Result "1/2-1/2"]
[WhiteElo "2486"]
[BlackElo "2467"]
[Annotator "Ziegler,A"]
[PlyCount "83"]
[EventDate "2001.06.30"]
[EventType "tourn"]
[EventRounds "13"]
[EventCountry "SWE"]
[EventCategory "8"]
[SourceTitle "CBM 085"]
[Source "ChessBase"]
[SourceDate "2001.11.13"]
[SourceVersion "1"]
[SourceVersionDate "2001.11.13"]
[SourceQuality "1"]

1. g3 g6 2. Bg2 Bg7 3. Nf3 c5 4. c4 Nc6 5. Nc3 d6 6. O-O e5 {En stabil
uppställning som tom Wedberg populäriserat i Sverige.} 7. a3 a5 8. Ne1 Nge7 9.
Nc2 O-O 10. d3 Be6 11. Ne3 h6 {Hör inte hemma här.} 12. Rb1 f5 {Ej heller
detta är vanligt.} 13. Ned5 Rb8 14. b4 axb4 15. axb4 cxb4 16. Nxb4 Nxb4 17.
Rxb4 d5 18. cxd5 Nxd5 19. Nxd5 Bxd5 20. Rb5 Bxg2 21. Qb3+ Kh7 22. Kxg2 {
[#] Vid korrekt spel skall vit inte kunna få fördel mot "Wedbergsystemet",
mennu har Tiger fått en någor men klart bättre ställning.} Qd7 23. Bb2 Rfe8 24.
Rc1 Re7 25. Rcc5 Rc8 26. Rd5 Qc6 27. Rb6 Qc2 28. Qb4 (28. Rxb7 {Vit har bonde
mer.}) 28... Qxe2 (28... Qc7 {Var nödvändigt.}) 29. Qxe7 Rc2 {[#]} 30. Qxg7+ (
30. Bd4 $1 Rc1 31. Rxe5 (31. Qxg7+ Kxg7 32. Rxb7+ Kf6 33. Rd6+ Kg5 34. Be3+ Kh5
35. Bxc1 e4 {Svart klarar remi.}) 31... Qf1+ 32. Kf3 Qxd3+ 33. Re3 Qd1+ 34. Re2
Qxd4 35. Rd6 {Vit vinner.}) 30... Kxg7 31. Bxe5+ Kf7 32. Bd4 Qxd3 33. Rf6+ Ke7
34. Bc5+ Rxc5 35. Rxd3 Kxf6 36. Rd6+ Kg5 37. Rb6 Rc7 38. h4+ Kh5 39. Rb5 Rf7
40. f3 g5 41. hxg5 hxg5 42. Kh3 {[#]} 1/2-1/2